| 000 | 00429nam a2200157 i 4500 | ||
|---|---|---|---|
| 001 | 28084 | ||
| 003 | ES-MaACL | ||
| 007 | t| | ||
| 008 | 030116s1985 sp ||||1| spa d | ||
| 020 | _a84-7016-284-5 | ||
| 100 | 1 |
_aAznar Sánchez, Juan. _924317 |
|
| 245 | 1 | 0 |
_aFormularios matrimoniales / _cJuan Aznar Sánchez. |
| 260 |
_aPamplona : _bAranzadi, _c1985. |
||
| 300 |
_a202 p. ; _c23 cm. |
||
| 852 |
_aES-MaACL _jL-8154 _bR.108940 |
||
| 999 |
_c28084 _d28084 |
||